000
00323nam a22001457a 4500
008
231101b ||||| |||| 00| 0 eng d
020
_a
0881350982
041
_a
eng
080
_a
101
082
_a
101SHE
100
_a
44
101
_a
FILOZO
245
_a
THE MAGIC OF NUMBERS AND MOTION
_c
SHEA .R.W
942
_2
udc
_c
BK
999
_c
60473
_d
60473